| 000 | 00417cam a22001337a 4500 | ||
|---|---|---|---|
| 008 | 180718b2000 xxu||||| |||| 00| 0 eng d | ||
| 082 | _aA2x54 Si64/2000 (R) | ||
| 245 |
_aIndian books in print 2000 _cedited by Sher Singh |
||
| 260 |
_aDelhi _bIndian Bibliogrphies Bureau _c2000 |
||
| 300 | _a3v. | ||
| 500 | _aContents: v.1 Authors;v.2 Title;v.3 Subject guide | ||
| 650 | _aIndia - Bibliography | ||
| 700 | _aSingh Sher | ||
| 999 |
_c391533 _d391533 |
||